Sbírka předpisů vydaných Federálním ministerstvem zahraničního obchodu v roce 1981
Guardado en:
| Formato: | Libro |
|---|---|
| Lenguaje: | checo |
| Publicado: |
Praha
Československá obchodní a průmyslová komora
1982
|
| Etiquetas: |
Sin Etiquetas, Sea el primero en etiquetar este registro!
|
MARC
| LEADER | 00000nam a2200000 4500 | ||
|---|---|---|---|
| 001 | c116089 | ||
| 005 | 20250515082709.9 | ||
| 041 | 0 | |a cze | |
| 044 | |a CZ | ||
| 245 | 1 | 0 | |a Sbírka předpisů vydaných Federálním ministerstvem zahraničního obchodu v roce 1981 |
| 264 | 1 | |a Praha |b Československá obchodní a průmyslová komora |c 1982 | |
| 300 | |a 227 s. | ||